Music Quiz

Random Music Quiz
Score 0/20 Timer 08:00
0 Plays Today
Consequence Game Answer % Correct
Her name was _____Mrs Robinson
87.7%
They went to _____Y.M.C.A.
86%
Her name was _____Sweet Caroline
73.7%
And the consequences were _____What a wonderful world.
70.2%
His name was _____Mack the Knife
64.9%
He wore _____Blue Suede Shoes
61.4%
She wore _____Raspberry Beret
59.6%
and did a _____Bicycle Race
54.4%
She wore _____Black Velvet
52.6%
She said '_____'Can't get you out of my head.
49.1%
Consequence Game Answer % Correct
His name was _____Jumpin' Jack Flash
49.1%
They met at _____Where the streets have no name
43.9%
They met at _____Ferry cross the Mersey
42.1%
They went to _____Somewhere only we know.
38.6%
and did a _____Magical Mystery Tour
38.6%
He said '_____'Da ya think I'm sexy?
35.1%
He wore _____Baggy Trousers
33.3%
She said '_____'Hit the road Jack!
33.3%
He said '_____'Is This the Way to Amarillo?
17.5%
And the consequences were _____Things can only get better.
17.5%
Remove Ads.
Support Sporcle.
Get the best of Sporcle when you Go Orange. This ad-free experience offers more features, more stats, and more fun while also helping to support Sporcle. Thank you for becoming a member.

You're not logged in!

Compare scores with friends on all Sporcle quizzes.
OR
Log In

Show Comments

Extras

Created Sep 15, 2013SourceReportNominate
Tags:Song Title

Top Quizzes Today


Score Distribution

Your Account Isn't Verified!

In order to create a playlist on Sporcle, you need to verify the email address you used during registration. Go to your Sporcle Settings to finish the process.

Report this User

Report this user for behavior that violates our Community Guidelines.

Details: